000 00342nam a2200145Ia 4500
100 _aAnderson/Edwin/P.
650 _aElectrical Engineering
942 _cBK
654 _aPower
245 _aElectrical power calculations with Diagrams
260 _bTaraporevala Sons & Co
_c2001
082 _a621.3
300 _a466
546 _aENGLISH
999 _c26323
_d26323